000 00254nam a2200097Ia 4500
005 20251222114401.0
008 251222s1900||||xx |||||||||||||| ||spa||
082 _aDVD0060/D96/1953
245 0 _aLe retour de Don Camilo 2:Retorno de Don Camilo 2
942 _cDVD
999 _c1658
_d1658